La mythologie grecque - Les noms en I - Statistiques

Statistiques générales
  • Ce quiz a été pris 347 fois
  • Le résultat moyen est 4 sur 15
Statistiques - réponses
Indice Réponse % Correct
Fils de Dédale qui a volé trop près du Soleil Icare
97%
Déesse de l'arc-en-ciel Iris
74%
Maîtresse de Zeus transformée en génisse blanche Io
65%
Fille d'Agamemnon et de Clytemnestre Iphigénie
47%
Fille d'Œdipe, soeur d'Antigone Ismène
33%
Déesse de l'accouchement Ilithye
16%
Neveu et compagnon d'Héraclès Iolaos
16%
Princesse de Thèbes devenue la déesse marine Leucothée Ino
12%
Demi-frère jumeau d'Héraclès Iphiclès
11%
Déesse de la paix, soeur des Heures Irène
9%
Petit-fils de Minos, roi de Crête qui sacrifia son propre fils Idoménée
8%
Fils d'Apollon, héros d'un peuple qui porte son nom Ion
8%
Fille d'Asclépios, déesse des remèdes Iaso
6%
Nymphe marine, fille de Protée Idothée
4%
Premier vigneron, apprenti de Dionysos Icarios
3%
Aucun quiz correspondant
Distribution des résultats
% des personnes avec chaque résultat
Percentile par nombre de réponses
Votre historique - résultats
Vous n’avez pas pris ce quiz